Dinámicas de recreación y juegos / (Record no. 108638)
[ view plain ]
| 000 -CABECERA | |
|---|---|
| campo de control de longitud fija | 00842nam a2200241 a 4500 |
| 005 - FECHA Y HORA DE LA ÚLTIMA TRANSACCIÓN | |
| campo de control | 20241012063940.0 |
| 008 - ELEMENTOS DE LONGITUD FIJA--INFORMACIÓN GENERAL | |
| campo de control de longitud fija | 041123s1995 ag r 000 0 spa d |
| 020 ## - NÚMERO INTERNACIONAL NORMALIZADO PARA LIBROS | |
| Número Internacional Estándar del Libro | 9507244557 |
| 035 ## - NÚMERO DE CONTROL DEL SISTEMA | |
| Número de control de sistema | UPN01000136487 |
| 049 ## - COLECCIÓN | |
| Colección | CG |
| 050 #4 - SIGNATURA TOPOGRÁFICA DE LA BIBLIOTECA DEL CONGRESO | |
| Número de clasificación | GV1201 |
| Número de documento/Ítem | F7.3 |
| 100 1# - ASIENTO PRINCIPAL--NOMBRE PERSONAL | |
| Nombre de persona | Fritzen, Silvino José, |
| Fechas asociadas al nombre | 1920- |
| 9 (RLIN) | 39859 |
| 245 10 - MENCIÓN DE TÍTULO | |
| Título | Dinámicas de recreación y juegos / |
| Mención de responsabilidad, etc. | José Silvino Fritzen ; tr. Silvia Tombesi. |
| 260 ## - PUBLICACIÓN, DISTRIBUCIÓN, ETC. | |
| Lugar de publicación, distribución, etc. | Buenos, Aires : |
| Nombre del editor, distribuidor, etc. | Lumen, |
| Fecha de publicación, distribución, etc. | c1995. |
| 300 ## - DESCRIPCIÓN FÍSICA | |
| Extensión | 94 p. |
| 440 #0 - MENCIÓN DE SERIE/ASIENTO SECUNDARIO--TÍTULO | |
| Título | Diálogos |
| 500 ## - NOTA GENERAL | |
| Nota general | En la portada: Para : educadores y padres orientadores educacionales animadores juveniles animadores de recreación profesores de educación física |
| 534 ## - NOTA SOBRE LA VERSIÓN ORIGINAL | |
| Frase introductoria | Titulo original : |
| Mención de título del original | Dinámicas de recreacao e jogos |
| 650 #4 - ASIENTO SECUNDARIO DE MATERIA - TERMINO TEMATICO | |
| Término de materia o nombre geográfico como elemento de entrada | Juegos |
| 9 (RLIN) | 5342 |
| 650 #4 - ASIENTO SECUNDARIO DE MATERIA - TERMINO TEMATICO | |
| Término de materia o nombre geográfico como elemento de entrada | Juegos educativos |
| 9 (RLIN) | 3952 |
| 905 ## - TIPO DE MATERIAL | |
| Tipo de material | Libro |
| Estado de retiro | Estado de pérdida | Fuente del sistema de clasificación o colocación | Estado dañado | No para préstamo | Código de colección | Localización permanente | Ubicación/localización actual | Ubicación en estantería | Total de préstamos | Clasificación | Código de barras | Fecha visto por última vez | Número de copia | Tipo de ítem Koha |
|---|---|---|---|---|---|---|---|---|---|---|---|---|---|---|
| Library of Congress Classification | Colección General | Bib. Gregorio Torres Quintero | Bib. Gregorio Torres Quintero | Planta baja | 2 | GV1201 F7.3 | 209395 | 31/12/2020 | 1 | Libro | ||||
| Library of Congress Classification | Colección General | Bib. Gregorio Torres Quintero | Bib. Gregorio Torres Quintero | Planta baja | 47 | GV1201 F7.3 | 209394 | 31/12/2020 | 1 | Libro | ||||
| Library of Congress Classification | Colección General | Bib. Gregorio Torres Quintero | Bib. Gregorio Torres Quintero | Planta baja | 43 | GV1201 F7.3 | 239182 | 31/12/2020 | 1 | Libro |
